Nombre le plus élevé de convocations au Championnat d'Europe - Statistiques

Statistiques générales
  • Ce quiz a été pris 33 fois
  • Le résultat moyen est 9 sur 22
Statistiques - réponses
Joueur Nationalité Convocations Années % Correct
Cristiano Ronaldo Portugal 6 2004, 2008, 2012, 2016, 2020, 2024
100%
Luka Modric Croatie 5 2008, 2012, 2016, 2020, 2024
89%
Pepe Portugal 5 2008, 2012, 2016, 2020, 2024
81%
Iker Casillas Espagne 5 2000, 2004, 2008, 2012, 2016
78%
Zlatan Ibrahimović Suède 4 2004, 2008, 2012, 2016
78%
Gianluigi Buffon Italie 4 2004, 2008, 2012, 2016
59%
Peter Schmeichel Danemark 4 1988, 1992, 1996, 2000
48%
Alessandro Del Piero Italie 4 1996, 2000, 2004, 2008
41%
Lothar Matthäus Allemagne 4 1980, 1984, 1988, 2000
41%
Petr Čech République Tchèque 4 2004, 2008, 2012, 2016
41%
Sebastian Larsson Suède 4 2008, 2012, 2016, 2020
41%
Giorgio Chiellini Italie 4 2008, 2012, 2016, 2020
37%
Lilian Thuram France 4 1996, 2000, 2004, 2008
37%
Edwin van der Sar Pays-Bas 4 1996, 2000, 2004, 2008
30%
Steve Mandanda France 4 2008, 2012, 2016, 2020
26%
Bastian Schweinsteiger Allemagne 4 2004, 2008, 2012, 2016
19%
Lukas Podolski Allemagne 4 2004, 2008, 2012, 2016
19%
Joao Moutinho Portugal 4 2008, 2012, 2016, 2020
7%
Andreas Granqvist Suède 4 2008, 2012, 2016, 2020
4%
Andreas Isaksson Suède 4 2004, 2008, 2012, 2016
4%
Aron Winter Pays-Bas 4 1988, 1992, 1996, 2000
0%
Olof Mellberg Suède 4 2000, 2004, 2008, 2012
0%
Aucun quiz correspondant
Distribution des résultats
% des personnes avec chaque résultat
Percentile par nombre de réponses
Votre historique - résultats
Vous n’avez pas pris ce quiz